000 00637nam a2200241Ia 4500
003 OSt
005 20221006150945.0
006 a|||||r|||| 00| 0
007 ta
008 221006b |||||||| |||| 00| 0 jpn d
024 _a20,355
037 _bGift, Japan Foundation
_cTextual
040 _aEASL
_cEASL
_bjpn
041 _2jpn
_ajpn
082 _aX8(M7:1)v42.N87, M8
245 0 _aKanebo hyakunenshi
260 _aOsaka
_bKanebo Japan
_c1988
300 _a1086p.
_ccm.
490 _v JL
650 _aJL
942 _hX8(M7:1)v42.N87, M8
_cTEXL
_2CC
999 _c1088441
_d1088441